Responses for show #7648 - Wednesday, December 6, 2017

Contestants

[<< previous game]

Eric Dravland, a pediatrician from Lenoir, North Carolina

Lindsay Norsworthy, a small business owner from Linthicum Heights, Maryland

Kyle Becker, a research scientist from Nashville, Tennessee (whose 2-day cash winnings total $30,400)

[next game >>]

Jeopardy! Round responses

THEY MADE THE CABINET
NATIONAL DAYS
PUT A "LID" ON IT
THE EYE
OF THE TIGER
YOU'RE GONNA HEAR ME ROAR
    $200 1
the Secretary of Education

Kyle
    $200 6
the bikini

Lindsay
    $200 16
solid

Lindsay
    $200 3
cones

Kyle
    $200 21
Princeton

Eric
    $200 26
(Alex: With less than a minute now.)

Katy Perry

Kyle
    $400 2
Secretary of the Defense

Eric
    $400 7
Thanksgiving

Kyle
    $400 17
squalid

Lindsay
    $400 9
conjunctivitis

Kyle
    $400 22
the Cub Scouts

Kyle
    $400 30
(Kelly) Clarkson

Lindsay
    $600 4
the Interior

Kyle
    $600 13
the Heimlich maneuver

Kyle
    $600 18
Euclid

Kyle
    $600 10
(Kyle: What is glaucoma?)
(Lindsay: Oh, I just drew a blank.)

cataracts

KyleLindsayEric
    $600 23
The Brady Bunch

Kyle
    $600 27
"I Am Woman"

Lindsay
    $800 5
the Treasury

Lindsay
    $800 14
the Coast Guard

Kyle
    $800 19
an invalid

Eric
    $800 11
the iris

Kyle
    $800 24
(Kyle: Who is Burns?)

(William) Blake

KyleEric
    $800 29
"Brave"

Triple Stumper
    $1000 8
(Tom) Perez

Kyle
    $1000 15
October 6th

Triple Stumper
    $1000 20
an annelid

Eric
    $1,000 12
the macula

Kyle
    $1000 25
Tasmanian

Eric
    $1000 28
I Will Survive

Lindsay

Scores at the first commercial break (after clue 15):

Kyle Lindsay Eric
$5,400 $400 $1,000

Scores at the end of the Jeopardy! Round:

Kyle Lindsay Eric
$6,400 $3,000 $4,800

Double Jeopardy! Round responses

ALFRED HITCHCOCK RESENTS
IT'S HYPHENATED
FOR IT IS A FACT
AUTHORS AT WAR
"L" ON THE MAP
VICTIM OF GRAVITY
    $400 1
about-face

Lindsay
    $400 16
Earl Grey

Lindsay
    $400 21
West Point

Eric
    $400 6
Lagos

Kyle
    $400 11
plummet

Kyle
    $800 29
[The end-of-round signal sounds.]

blood

Triple Stumper
    $2,000 2
the Anglo-Saxons

Lindsay
    $800 17
(Lindsay: What is Yom Kippur?)

Hanukkah

KyleLindsay
    $800 22
(Lindsay: What is the French and Indian War?)
(Eric: What is the Napoleonic Wars?)

the Seven Years' War

LindsayEric
Triple Stumper
    $800 7
Louisville

Kyle
    $800 12
descending

Lindsay
    $1200 28
(Alex: You guys are obviously not big Alfred Hitchcock fans.)

Vertigo

Triple Stumper
    $1200 3
a ball-peen hammer

Kyle
    $1200 18
(Alex: $70 an ounce in some cases.)

printer ink

Triple Stumper
    $1200 23
the Boer War

Eric
    $1200 8
Lexington

Kyle
    $1200 13
a pratfall

Eric
    $1600 27
the editor

Triple Stumper
    $1600 4
cock-a-leekie

Triple Stumper
    $1600 19
wheat

Lindsay
    $1600 24
(Eric: What is Hemingway?)
...
(Alex: Less than a minute now.)

George Orwell

Eric
Triple Stumper
    $1600 9
(Eric: What is Luzon?)

Leyte Gulf

Eric
Triple Stumper
    $3,000 14
plunging

Eric
    $2000 26
Brian De Palma

Triple Stumper
    $2000 5
a hurdy-gurdy

Triple Stumper
    $2000 20
the rings of Saturn

Kyle
    $2000 25
Airport

Triple Stumper
    $2000 10
(Lindsay: What is Liguria?)

Lombardy

Lindsay
Triple Stumper
    $2000 15
tumble

Lindsay

Scores at the end of the Double Jeopardy! Round:

Kyle Lindsay Eric
$13,200 $6,600 $6,600
(lock-tie game)

[wagering suggestions for these scores]

Final Jeopardy! Round responses

REFERENCE BOOKS
EricWhat is the army field manual
$6,600
LindsayWhat is the Military Code of Conduct
$6,600
KyleWhat is Robert's Rules of order?
$1
Robert's Rules of Order

Final scores:

Kyle Lindsay Eric
$13,201 $0 $0
3-day champion: $43,601 3rd place: $1,000 2nd place: $2,000

Game dynamics:

Coryat scores:

Kyle Lindsay Eric
$13,200 $5,400 $5,200
21 R
(including 1 DD),
2 W
13 R
(including 1 DD),
4 W
11 R
(including 1 DD),
3 W

Combined Coryat: $23,800

The J! Archive is created by fans, for fans. The Jeopardy! game show and all elements thereof, including but not limited to copyright and trademark thereto, are the property of Jeopardy Productions, Inc. and are protected under law. This website is not affiliated with, sponsored by, or operated by Jeopardy Productions, Inc. Join the discussion at JBoard.tv.